Normal view
MARC view
- Leila C. Alcoy
Entry Personal Name
001 - CONTROL NUMBER
- control field: 5062
003 - CONTROL NUMBER IDENTIFIER
- control field: URS
005 - DATE AND TIME OF LATEST TRANSACTION
- control field: 20230704143021.0
008 - FIXED-LENGTH DATA ELEMENTS
- fixed length control field: 230704|| aca||aabn | a|a d
040 ## - CATALOGING SOURCE
- Original cataloging agency: URS
100 ## - HEADING--PERSONAL NAME
- Personal name: Leila C. Alcoy
- Relator term: Author